| 000 | 02841cam a2200409 a 4500 | ||
|---|---|---|---|
| 001 | 1307 | ||
| 003 | BD-DhEWU | ||
| 005 | 20190506020001.0 | ||
| 008 | 951013s1996 nyua g b 000 0 eng | ||
| 010 | _a 95045827 | ||
| 020 | _a0471138843 (cloth : alk. paper) | ||
| 035 | _a(OCoLC)33358838 | ||
| 040 |
_aDLC _cDLC _dDLC _dBD-DhEWU _beng |
||
| 041 | _aeng | ||
| 050 | 0 | 0 |
_aZ678.9 _b.C626 1996 |
| 082 | 0 | 0 |
_a025.00285 _222 _bCOD 1996 |
| 100 | 1 |
_aCooper, Michael D. _q(Michael David), _d1941- _915963 |
|
| 245 | 1 | 0 |
_aDesign of library automation systems : _bfile structures, data structures, and tools / _cMichael D. Cooper. |
| 260 |
_aNew York : _bWiley, _cc1996. |
||
| 300 |
_axviii, 638 p. : _bill. ; _c25 cm. |
||
| 500 | _a"Wiley Computer Publishing." | ||
| 500 | _a Online version: Cooper, Michael D. (Michael David), 1941- Design of library automation systems. New York : Wiley, c1996 (OCoLC)603705614 Online version: Cooper, Michael D. (Michael David), 1941- Design of library automation systems. New York : Wiley, c1996 (OCoLC)608384695 | ||
| 504 | _aIncludes bibliographical references (p. 628) and index. | ||
| 505 | 0 |
_a 1. Introduction --
2. Organization of Library Automation Activities --
3. Computer System Configurations --
4. Disk Drives and Disk Files --
5. Online Catalogs --
6. Library Circulation Systems --
7. Library Acquisitions Systems --
8. Library Serials Systems --
9. Relational Database Design for an Integrated Library Automation System --
9A. Integrated Data Dictionary for Library Automation --
10. File Management --
11. Indexes --
12. Integrated File Management --
13. Postings Files --
14. MARC Record Management --
15. Search Procedures --
16. User Interface Management --
16A. Line Mode Display of Menu --
16B. Full-Screen Mode Display of Menu Using Curses --
16C. Menu Display with Pop-Up Dialog Box --
17. Browsing Procedures --
18. Display Formatting --
19. Record Editing --
20. Accounting Systems --
21. Data Validation --
22. Authority Control --
23. Client/Server System Design. _tTOC |
|
| 526 | _aLibrary | ||
| 590 | _aShaharima Parvin | ||
| 650 | 0 |
_aLibraries _xData processing. _915964 |
|
| 650 | 0 |
_aLibraries _xAutomation. _915965 |
|
| 650 | 0 |
_aComputer programming. _915966 |
|
| 650 | 0 |
_aFile organization (Computer science) _95578 |
|
| 650 | 0 |
_aData structures (Computer science) _91380 |
|
| 856 | 4 | 2 |
_3Contributor biographical information _uhttp://www.loc.gov/catdir/bios/wiley042/95045827.html |
| 856 | 4 | 2 |
_3Publisher description _uhttp://www.loc.gov/catdir/description/wiley033/95045827.html |
| 856 | 4 |
_3Table of Contents _uhttp://www.loc.gov/catdir/toc/onix04/95045827.html |
|
| 856 | 4 | 2 |
_3WorldCat details _uhttp://www.worldcat.org/title/design-of-library-automation-systems-file-structures-data-structures-and-tools/oclc/33358838&referer=brief_results |
| 942 |
_2ddc _cTEXT _01 |
||
| 999 |
_c1307 _d1307 |
||